00970cam a2200253 a 450000100090000000300040000900500170001300800410003001000170007102000150008804000180010305000260012108200170014710000300016424500760019425000120027026000450028230000350032765000430036270000220040585601060042785600910053385600920062413776586OSt20150408113721.0041109s2004 nyua 001 0 eng  a 2004275104 a0072253576 aDLCcDLCdDLC00aQA76.73.J39bP69 200400a005.27622221 aPowell, Thomas A.,d1968-10aJavaScript :bthe complete reference /cThomas Powell, Fritz Schneider. a2nd ed. aNew York :bMcGraw-Hill/Osborne,cc2004. axxvi, 948 p. :bill. ;c24 cm. 0aJavaScript (Computer program language)1 aSchneider, Fritz.423Contributor biographical informationuhttp://www.loc.gov/catdir/enhancements/fy0620/2004275104-b.html423Publisher descriptionuhttp://www.loc.gov/catdir/enhancements/fy0620/2004275104-d.html413Table of contents onlyuhttp://www.loc.gov/catdir/enhancements/fy0620/2004275104-t.html